Viết cho em

Gardado en:
Detalles Bibliográficos
Autor Principal: Ngô, Phúc Hậu
Formato: Libro
Idioma:Undetermined
Publicado: Tp. Hồ Chí Minh Văn hóa - Văn nghệ 2012
Những chủ đề:
Các nhãn: Engadir etiqueta
Sen Etiquetas, Sexa o primeiro en etiquetar este rexistro!
Thư viện lưu trữ: Trung tâm Học liệu Trường Đại học Cần Thơ
LEADER 00516nam a2200181Ia 4500
001 CTU_181299
008 210402s9999 xx 000 0 und d
020 |c 42000 
082 |a 646.7 
082 |b H125/T.1 
100 |a Ngô, Phúc Hậu 
245 0 |a Viết cho em 
245 0 |c Ngô Phúc Hậu 
260 |a Tp. Hồ Chí Minh 
260 |b Văn hóa - Văn nghệ 
260 |c 2012 
650 |a Living skills,Kỹ năng sống 
980 |a Trung tâm Học liệu Trường Đại học Cần Thơ